<?xml version="1.0" encoding="UTF-8"?><?xml-stylesheet type="text/xsl" href="static/style.xsl"?><OAI-PMH xmlns="http://www.openarchives.org/OAI/2.0/" xmlns:xsi="http://www.w3.org/2001/XMLSchema-instance" xsi:schemaLocation="http://www.openarchives.org/OAI/2.0/ http://www.openarchives.org/OAI/2.0/OAI-PMH.xsd"><responseDate>2026-04-17T04:14:20Z</responseDate><request verb="GetRecord" identifier="oai:www.recercat.cat:2117/101500" metadataPrefix="marc">https://recercat.cat/oai/request</request><GetRecord><record><header><identifier>oai:recercat.cat:2117/101500</identifier><datestamp>2026-01-22T02:12:11Z</datestamp><setSpec>com_2072_1033</setSpec><setSpec>col_2072_452949</setSpec></header><metadata><record xmlns="http://www.loc.gov/MARC21/slim" xmlns:dcterms="http://purl.org/dc/terms/" xmlns:xsi="http://www.w3.org/2001/XMLSchema-instance" xmlns:doc="http://www.lyncode.com/xoai" xsi:schemaLocation="http://www.loc.gov/MARC21/slim http://www.loc.gov/standards/marcxml/schema/MARC21slim.xsd">
   <leader>00925njm 22002777a 4500</leader>
   <datafield ind2=" " ind1=" " tag="042">
      <subfield code="a">dc</subfield>
   </datafield>
   <datafield ind2=" " ind1=" " tag="720">
      <subfield code="a">Treviño Aldape, Abiel</subfield>
      <subfield code="e">author</subfield>
   </datafield>
   <datafield ind2=" " ind1=" " tag="720">
      <subfield code="a">Ramírez Ibarra, Ramón</subfield>
      <subfield code="e">author</subfield>
   </datafield>
   <datafield ind2=" " ind1=" " tag="720">
      <subfield code="a">Vázquez Rodríguez, Gerardo</subfield>
      <subfield code="e">author</subfield>
   </datafield>
   <datafield ind2=" " ind1=" " tag="260">
      <subfield code="c">2016-05-31</subfield>
   </datafield>
   <datafield ind2=" " ind1=" " tag="520">
      <subfield code="a">El imaginario social, en cuanto red de sentido que liga símbolos a representaciones (Castoriadis, 2013) ha&#xd;
crecido en interés para estudiarlo académicamente. El fenómeno urbano no es ajeno a esta producción&#xd;
simbólica y a través del nexo entre dominio público, espacialidad y cultura, advertimos como la utilización del&#xd;
espacio público está sufriendo resignificaciones, alterando la percepción y significación respecto a su uso. Esta&#xd;
resignificación implica que los agentes colectivos pasan de visitar plazas/parques abiertos a la utilización de&#xd;
centros comerciales cerrados tipo mall. Lynch, mencionaba cómo la arquitectura y el diseño urbano llegan a&#xd;
crear una “imagen simbólica” o representación mental en los individuos y en la colectividad, un proceso de&#xd;
agenciamiento resultado de la interpretación de la espacialidad del entorno urbano. En el presente estudio,&#xd;
pretendemos analizar, la conexión entre factores de convivencia y elementos topofílicos (las preferencias por un&#xd;
sitio) al seleccionar el lugar que prefiere cada usuario.</subfield>
   </datafield>
   <datafield ind2=" " ind1=" " tag="520">
      <subfield code="a">The social imaginary, as soon as network sense linking symbols to representations (Castoriadis, 2013) has&#xd;
grown in interest to study it academically. The urban phenomenon is no stranger to this symbolic production and&#xd;
through the nexus of public domain, spatiality and culture, we see as the use of public space is suffering&#xd;
resignifications, altering the perception and significance with respect to its use. This resignification implies&#xd;
collective agents to go visit places/parks open to the use of type mall enclosed shopping malls. Lynch,&#xd;
mentioned as the architecture and urban design come to create a "symbolic image" or mental representation in&#xd;
individuals and the community, a process of agency result from the interpretation of the spatiality of the urban&#xd;
environment. In the present study, we intend to analyze the connection between communal living factors and&#xd;
topophilics elements (preferences for a site) to select where each user prefers.</subfield>
   </datafield>
   <datafield tag="653" ind2=" " ind1=" ">
      <subfield code="a">Àrees temàtiques de la UPC::Urbanisme</subfield>
   </datafield>
   <datafield tag="653" ind2=" " ind1=" ">
      <subfield code="a">Public spaces</subfield>
   </datafield>
   <datafield tag="653" ind2=" " ind1=" ">
      <subfield code="a">Space perception</subfield>
   </datafield>
   <datafield tag="653" ind2=" " ind1=" ">
      <subfield code="a">Espacio público</subfield>
   </datafield>
   <datafield tag="653" ind2=" " ind1=" ">
      <subfield code="a">Mapa mental</subfield>
   </datafield>
   <datafield tag="653" ind2=" " ind1=" ">
      <subfield code="a">Imaginario urbano</subfield>
   </datafield>
   <datafield tag="653" ind2=" " ind1=" ">
      <subfield code="a">Resignificación</subfield>
   </datafield>
   <datafield tag="653" ind2=" " ind1=" ">
      <subfield code="a">Public space</subfield>
   </datafield>
   <datafield tag="653" ind2=" " ind1=" ">
      <subfield code="a">Mental map</subfield>
   </datafield>
   <datafield tag="653" ind2=" " ind1=" ">
      <subfield code="a">Urban Imaginaries</subfield>
   </datafield>
   <datafield tag="653" ind2=" " ind1=" ">
      <subfield code="a">Resignificance</subfield>
   </datafield>
   <datafield tag="653" ind2=" " ind1=" ">
      <subfield code="a">Espais públics</subfield>
   </datafield>
   <datafield tag="653" ind2=" " ind1=" ">
      <subfield code="a">Percepció de l'espai</subfield>
   </datafield>
   <datafield ind2="0" ind1="0" tag="245">
      <subfield code="a">Espacio público resignificado: la (re)conceptualización del imaginario urbano</subfield>
   </datafield>
</record></metadata></record></GetRecord></OAI-PMH>